[Event "FIN-chT 1819"]
[Site "Finland"]
[Date "2019.02.09"]
[Round "7.6"]
[White "Mansner, Harry"]
[Black "Tommiska, Matti"]
[Result "0-1"]
[WhiteElo "2293"]
[BlackElo "2221"]
[PlyCount "56"]
[EventDate "2018.09.15"]
[EventType "team-tourn"]
[EventRounds "11"]
[EventCountry "FIN"]
[SourceTitle "EXT 2021"]
[Source "ChessBase"]
[SourceDate "2020.10.23"]
[SourceVersion "1"]
[SourceVersionDate "2020.10.23"]
[SourceQuality "1"]
[WhiteTeam "Helsinki Comeon"]
[BlackTeam "Vantaa EtVaS"]
[WhiteTeamCountry "FIN"]
[BlackTeamCountry "FIN"]

1. d4 Nf6 2. c4 g6 3. Nc3 Bg7 4. e4 d6 5. h3 0-0 6. Be3 Na6 7. Nf3 e5 8. d5 Nc5 9. Qc2 a5 10. g4 c6 11. 0-0-0 cxd5 12. cxd5 Bd7 13. g5 Ne8 14. Kb1 a4 15. Bxc5 dxc5 16. d6 Bc6 17. Bb5 Nxd6 18. Bxc6 bxc6 19. Nxa4 c4 20. Nc3 Qc7 21. a4 Rfb8 22. Qe2 Rb4 23. Rd2 Nb7 24. Qe3 Qa5 25. Rhd1 Nc5 26. Ne1 Rb3 27. Kc1 Nxa4 28. Qe2 Nxc3 0-1

[Event "FIN-chT 1718"]
[Site "Finland"]
[Date "2018.03.11"]
[Round "11.7"]
[White "Ahvenjarvi, Jani"]
[Black "Tommiska, Matti"]
[Result "1/2-1/2"]
[WhiteElo "2318"]
[BlackElo "2183"]
[PlyCount "113"]
[EventDate "2017.09.16"]
[EventType "team-tourn"]
[EventRounds "11"]
[EventCountry "FIN"]
[SourceTitle "EXT 2019"]
[Source "ChessBase"]
[SourceDate "2018.10.10"]
[SourceVersion "1"]
[SourceVersionDate "2018.10.10"]
[SourceQuality "1"]
[WhiteTeam "Tampere Tammer"]
[BlackTeam "Vantaa EtVaS"]
[WhiteTeamCountry "FIN"]
[BlackTeamCountry "FIN"]

1. e4 e5 2. Nf3 Nc6 3. Bb5 Bc5 4. 0-0 Nd4 5. Nxd4 Bxd4 6. Nc3 Nf6 7. d3 c6 8. Bc4 d5 9. exd5 cxd5 10. Bb5+ Bd7 11. Bxd7+ Qxd7 12. Ne2 Bb6 13. d4 exd4 14. Nxd4 0-0 15. c3 Rfe8 16. Bg5 Ne4 17. Be3 Rad8 18. Qf3 a6 19. Rfd1 Bc7 20. Nc2 Qd6 21. g3 Bb6 22. Rd3 Re6 23. Rf1 Rf6 24. Qd1 Qe6 25. Bxb6 Qxb6 26. Qe2 Re6 27. Ne3 Qa5 28. a3 Qc5 29. Rfd1 Nf6 30. Rd4 b5 31. Qf3 Red6 32. Kg2 g6 33. Kg1 Kg7 34. Qg2 Re6 35. Qf3 Red6 36. Kg2 R8d7 37. R1d3 Rd8 38. Rd1 R8d7 39. h3 Rd8 40. Kf1 Qc8 41. Kg2 Qe6 42. Qf4 R6d7 43. Ra1 Rb7 44. Rb4 a5 45. Rd4 Qc6 46. Rad1 Rbd7 47. Qf3 Qe6 48. Kh2 Rd6 49. Qe2 Qd7 50. Qf1 Qc6 51. Qe2 Qd7 52. a4 bxa4 53. c4 Qe6 54. cxd5 Rxd5 55. Rxd5 Rxd5 56. Rc1 Rd4 57. Rc2 1/2-1/2

[Event "FIN-chT 1617"]
[Site "Finland"]
[Date "2016.09.18"]
[Round "2.8"]
[White "Hynninen, Juha"]
[Black "Tommiska, Matti"]
[Result "1/2-1/2"]
[WhiteElo "2226"]
[BlackElo "2173"]
[PlyCount "40"]
[EventDate "2016.09.17"]
[EventType "team-tourn"]
[EventRounds "11"]
[EventCountry "FIN"]
[SourceTitle "CBM 174 Extra"]
[Source "ChessBase"]
[SourceDate "2016.10.10"]
[SourceVersion "1"]
[SourceVersionDate "2016.10.10"]
[SourceQuality "1"]
[WhiteTeam "Salo SalSK"]
[BlackTeam "Vantaa EtVaS"]
[WhiteTeamCountry "FIN"]
[BlackTeamCountry "FIN"]

1. e4 e5 2. Nf3 Nc6 3. Bb5 Bc5 4. 0-0 Nd4 5. Nxd4 Bxd4 6. c3 Bb6 7. d4 c6 8. Ba4 d6 9. dxe5 dxe5 10. Qxd8+ Bxd8 11. Bb3 Nf6 12. f3 Bb6+ 13. Kh1 Nd7 14. Nd2 Nc5 15. Bc2 Be6 16. b4 Nd7 17. Bb3 Bxb3 18. axb3 a6 19. Nc4 Bc7 20. Rd1 0-0-0 1/2-1/2

[Event "Helsinki We HSK 130"]
[Site "Helsinki"]
[Date "2016.08.27"]
[Round "3"]
[White "Mansner, Harry"]
[Black "Tommiska, Matti"]
[Result "0-1"]
[WhiteElo "2234"]
[BlackElo "2173"]
[PlyCount "74"]
[EventDate "2016.08.26"]
[EventType "swiss"]
[EventRounds "5"]
[EventCountry "FIN"]
[SourceTitle "EXT 2022"]
[Source "ChessBase"]
[SourceDate "2021.10.06"]
[SourceVersion "1"]
[SourceVersionDate "2021.10.06"]
[SourceQuality "1"]

1. d4 Nf6 2. c4 g6 3. Nc3 Bg7 4. e4 d6 5. Nf3 0-0 6. Be2 e5 7. d5 Na6 8. Bg5 h6 9. Bh4 Qe8 10. Nd2 Nc5 11. h3 a5 12. Qc2 Bd7 13. b3 c6 14. 0-0 Nh7 15. f3 f5 16. a3 f4 17. b4 Na6 18. Rab1 axb4 19. dxc6 bxc6 20. axb4 h5 21. b5 cxb5 22. cxb5 Nc7 23. b6 Ne6 24. Bc4 g5 25. Bf2 Kh8 26. Bxe6 Qxe6 27. Nd5 g4 28. b7 Rab8 29. Ba7 gxh3 30. Nc4 hxg2 31. Qxg2 Rg8 32. Bxb8 Bf6 33. Bxd6 Rxg2+ 34. Kxg2 Qh3+ 35. Kf2 Qh2+ 36. Ke1 Bh4+ 37. Kd1 Ba4+ 0-1

[Event "FIN-chT 1314"]
[Site "Finland"]
[Date "2014.03.09"]
[Round "11.5"]
[White "Tommiska, Matti"]
[Black "Kekki, Petri"]
[Result "0-1"]
[WhiteElo "2235"]
[BlackElo "2354"]
[PlyCount "116"]
[EventDate "2013.09.21"]
[EventType "team-tourn"]
[EventRounds "11"]
[EventCountry "FIN"]
[SourceTitle "EXT 2015"]
[Source "ChessBase"]
[SourceDate "2014.11.20"]
[SourceVersion "1"]
[SourceVersionDate "2014.11.20"]
[SourceQuality "1"]
[WhiteTeam "Vantaa EtVaS"]
[BlackTeam "Espoo MatSK"]
[WhiteTeamCountry "FIN"]
[BlackTeamCountry "FIN"]

1. e4 e6 2. d4 d5 3. exd5 exd5 4. c4 Nf6 5. Nf3 Be7 6. Bd3 0-0 7. 0-0 Be6 8. Ng5 Bg4 9. Qc2 h6 10. Nh7 dxc4 11. Nxf6+ Bxf6 12. Bxc4 Nc6 13. d5 Nd4 14. Qd2 b5 15. Bd3 Qxd5 16. Nc3 Qd7 17. Ne4 Be7 18. f3 Be6 19. Rd1 Rad8 20. Qa5 f5 21. Nc3 Bc5 22. Kh1 Bb6 23. Qa3 Qc6 24. Be3 Bc5 25. b4 Nc2 26. Bxc2 Bxe3 27. Nxb5 Rxd1+ 28. Bxd1 f4 29. Bb3 Bxb3 30. Qxb3+ Kh8 31. Nc3 Rd8 32. Ne4 Rd4 33. Qf7 Qd5 34. Qxd5 Rxd5 35. g3 g5 36. Kg2 Kg7 37. Rb1 Rd4 38. Rb2 Rc4 39. Kf1 Kg6 40. Ke2 Kf5 41. Kd3 Rd4+ 42. Ke2 Ke5 43. a3 Rc4 44. Kd3 Rc1 45. h4 Rd1+ 46. Ke2 Rh1 47. Kd3 gxh4 48. gxh4 Rxh4 49. Rc2 Rh3 50. Rxc7 Rxf3 51. Re7+ Kf5 52. Ke2 Rh3 53. Nd6+ Kf6 54. Re8 Bb6 55. Ne4+ Kg7 56. Nd2 Rxa3 57. Re4 Re3+ 58. Rxe3 fxe3 0-1

[Event "FIN Team Cup"]
[Site "Finland"]
[Date "2013.08.10"]
[Round "4.3"]
[White "Ertbjerg, Per"]
[Black "Tommiska, Matti"]
[Result "0-1"]
[WhiteElo "2028"]
[BlackElo "2235"]
[PlyCount "104"]
[EventDate "2013.04.06"]
[EventType "team-k.o."]
[EventRounds "6"]
[EventCountry "FIN"]
[SourceTitle "EXT 2022"]
[Source "ChessBase"]
[SourceDate "2021.10.06"]
[SourceVersion "1"]
[SourceVersionDate "2021.10.06"]
[SourceQuality "1"]
[WhiteTeam "Helsinki LauttSK"]
[BlackTeam "Vantaa EtVaS"]
[WhiteTeamCountry "FIN"]
[BlackTeamCountry "FIN"]

1. d4 Nf6 2. c4 g6 3. Nc3 Bg7 4. e4 d6 5. Bg5 0-0 6. f4 c5 7. d5 Qa5 8. Qd2 b5 9. cxb5 a6 10. a4 h6 11. Bh4 Qb4 12. Bd3 c4 13. Bc2 Qxb2 14. Rb1 Qa3 15. Nge2 Bg4 16. Nd4 e5 17. fxe5 Nfd7 18. 0-0 Nxe5 19. Bf2 Nbd7 20. h3 Bh5 21. Ra1 Qb4 22. Rfb1 Qa5 23. Be3 Nc5 24. Kh1 Rab8 25. Ra3 Rfc8 26. Bxh6 Nb3 27. Bxb3 Bxh6 28. Qxh6 Qxc3 29. Nf5 gxf5 30. Qxh5 cxb3 31. Raxb3 Qd2 32. Rg3+ Kf8 33. Qxf5 Qh6 34. b6 Rc1+ 35. Rxc1 Qxc1+ 36. Kh2 Rxb6 37. Qf6 Qc7 38. Qh8+ Ke7 39. Rg8 Rb2 40. Rc8 Qb6 41. Qf8+ Kf6 42. Qh8+ Kg5 43. Rg8+ Kf4 44. Qh4+ Ke3 45. Qe1+ Kd4 46. Rg3 Qb4 47. Qe3+ Kc4 48. Rg8 Qd2 49. Rc8+ Kb4 50. Qb6+ Ka3 51. Qxd6+ Ka2 52. Kg3 Qg5+ 0-1

[Event "FIN-chT 0910"]
[Site "Finland"]
[Date "2010.03.21"]
[Round "9.8"]
[White "Kytoniemi, Jyrki"]
[Black "Tommiska, Matti"]
[Result "0-1"]
[WhiteElo "2258"]
[BlackElo "2206"]
[PlyCount "84"]
[EventDate "2009.09.19"]
[EventType "team-tourn"]
[EventRounds "9"]
[EventCountry "FIN"]
[SourceTitle "EXT 2022"]
[Source "ChessBase"]
[SourceDate "2021.10.06"]
[SourceVersion "1"]
[SourceVersionDate "2021.10.06"]
[SourceQuality "1"]
[WhiteTeam "Tampere Tammer"]
[BlackTeam "Vantaa EtVaS"]
[WhiteTeamCountry "FIN"]
[BlackTeamCountry "FIN"]

1. e4 e5 2. Nf3 Nc6 3. d4 exd4 4. Bc4 Nf6 5. e5 Ng4 6. 0-0 d6 7. Bg5 Be7 8. Bxe7 Qxe7 9. exd6 Qxd6 10. Re1+ Be6 11. h3 Nge5 12. Nxe5 Nxe5 13. Bxe6 fxe6 14. Qh5+ Ng6 15. Qb5+ c6 16. Qb3 0-0-0 17. Qxe6+ Qxe6 18. Rxe6 d3 19. cxd3 Rxd3 20. Nc3 Rd2 21. b4 Rf8 22. Re2 Rfd8 23. Rae1 Kc7 24. g3 Rxe2 25. Rxe2 Rd3 26. Ne4 Rd4 27. Ng5 Rxb4 28. Nxh7 c5 29. Ng5 c4 30. Ne6+ Kd6 31. Nxg7 Kd5 32. Nf5 c3 33. Ne3+ Kd4 34. Nc2+ Kd3 35. Nxb4+ Kxe2 36. f4 Kd2 37. a4 c2 38. Na2 Ne7 39. f5 Nxf5 40. Kf2 Nd6 41. Kf3 b5 42. axb5 Nxb5 0-1

[Event "FIN-chT 0506"]
[Site "Finland"]
[Date "2006.02.11"]
[Round "7.5"]
[White "Tommiska, Matti"]
[Black "Kapanen, Konstantin"]
[Result "0-1"]
[WhiteElo "2217"]
[BlackElo "2028"]
[PlyCount "32"]
[EventDate "2005.09.10"]
[EventType "team-tourn"]
[EventRounds "9"]
[EventCountry "FIN"]
[SourceTitle "EXT 2022"]
[Source "ChessBase"]
[SourceDate "2021.10.06"]
[SourceVersion "1"]
[SourceVersionDate "2021.10.06"]
[SourceQuality "1"]
[WhiteTeam "Vantaa EtVaS"]
[BlackTeam "Tampere Tammer"]
[WhiteTeamCountry "FIN"]
[BlackTeamCountry "FIN"]

1. e4 e5 2. f4 Nc6 3. Nc3 exf4 4. Nf3 g5 5. Bc4 g4 6. 0-0 gxf3 7. Qxf3 Qg5 8. Nd5 Bc5+ 9. Kh1 Nge7 10. Nxc7+ Kd8 11. Nxa8 Rg8 12. b4 Ne5 13. Qe2 Bd6 14. Bb3 Qh4 15. Qf2 Rg3 16. Qxf4 Ng4 0-1

[Event "FIN-chT 0506"]
[Site "Finland"]
[Date "2005.09.18"]
[Round "2.6"]
[White "Tommiska, Matti"]
[Black "Ristoja, Thomas W"]
[Result "1-0"]
[WhiteElo "2217"]
[BlackElo "2193"]
[PlyCount "105"]
[EventDate "2005.09.10"]
[EventType "team-tourn"]
[EventRounds "9"]
[EventCountry "FIN"]
[SourceTitle "EXT 2022"]
[Source "ChessBase"]
[SourceDate "2021.10.06"]
[SourceVersion "1"]
[SourceVersionDate "2021.10.06"]
[SourceQuality "1"]
[WhiteTeam "Vantaa EtVaS"]
[BlackTeam "Helsinki Gaia"]
[WhiteTeamCountry "FIN"]
[BlackTeamCountry "FIN"]

1. e4 d6 2. d4 g6 3. c4 Bg7 4. Nc3 Nc6 5. d5 Nd4 6. Be3 c5 7. dxc6 Nxc6 8. Qd2 Nf6 9. Be2 Qa5 10. Nf3 0-0 11. 0-0 Be6 12. Rac1 Rfc8 13. Rfd1 a6 14. Nd5 Qxd2 15. Nxd2 Nd7 16. b3 Rab8 17. Nf3 h6 18. Nb6 Nxb6 19. Bxb6 Bb2 20. Rc2 Ba3 21. Be3 Kh7 22. Bc1 Bxc1 23. Rdxc1 Kg7 24. h3 f5 25. exf5 gxf5 26. a3 Kf6 27. b4 Bf7 28. Kf1 d5 29. cxd5 Bxd5 30. Rc5 e6 31. a4 Ne7 32. Nd4 Ke5 33. Nb3 Rxc5 34. Nxc5 Kd6 35. f4 Rg8 36. Bf3 Bxf3 37. gxf3 b5 38. a5 Nd5 39. Nxa6 Rg3 40. Nb8 Rxf3+ 41. Kg2 Ra3 42. Rc6+ Ke7 43. a6 Nxf4+ 44. Kf1 Ra1+ 45. Kf2 Nd3+ 46. Kg2 Nxb4 47. Rc7+ Kf6 48. a7 Ra2+ 49. Kg3 Nd5 50. Rb7 e5 51. Nc6 e4 52. Rb8 f4+ 53. Kh4 1-0

[Event "FIN-chT 0405"]
[Site "Finland"]
[Date "2005.03.12"]
[Round "8.6"]
[White "Gamback, Bjorn"]
[Black "Tommiska, Matti"]
[Result "1/2-1/2"]
[WhiteElo "2193"]
[BlackElo "2223"]
[PlyCount "78"]
[EventDate "2004.09.18"]
[EventType "team-tourn"]
[EventRounds "9"]
[EventCountry "FIN"]
[SourceTitle "EXT 2022"]
[Source "ChessBase"]
[SourceDate "2021.10.06"]
[SourceVersion "1"]
[SourceVersionDate "2021.10.06"]
[SourceQuality "1"]
[WhiteTeam "Helsinki HSK"]
[BlackTeam "Vantaa EtVaS"]
[WhiteTeamCountry "FIN"]
[BlackTeamCountry "FIN"]

1. Nf3 g6 2. c4 Bg7 3. g3 Nf6 4. Bg2 0-0 5. 0-0 d6 6. d3 e5 7. e3 Nc6 8. a3 a5 9. Qc2 h6 10. b3 Be6 11. Bb2 Qd7 12. Rd1 Bh3 13. Bh1 Nh5 14. Nbd2 f5 15. d4 e4 16. d5 Ne5 17. Nxe5 Bxe5 18. Bxe5 dxe5 19. c5 Bg4 20. f3 exf3 21. Bxf3 Nf6 22. Bxg4 Nxg4 23. Nc4 Qb5 24. h3 Qxc5 25. hxg4 b5 26. Qh2 bxc4 27. Qxh6 Rf6 28. gxf5 cxb3 29. fxg6 Qe7 30. a4 Qg7 31. Qxg7+ Kxg7 32. Rac1 Ra7 33. Rc5 Rb6 34. Rb1 Rb4 35. Kf2 Kxg6 36. Ke2 Rab7 37. Rxa5 e4 38. Rb2 Kf6 39. Kd2 Rc4 1/2-1/2

[Event "FIN-chT 0304"]
[Site "Finland"]
[Date "2004.01.10"]
[Round "6.8"]
[White "Niemi, Kalle"]
[Black "Tommiska, Matti"]
[Result "1-0"]
[WhiteElo "2108"]
[BlackElo "2214"]
[PlyCount "65"]
[EventDate "2003.09.06"]
[EventType "team-tourn"]
[EventRounds "9"]
[EventCountry "FIN"]
[SourceTitle "EXT 2022"]
[Source "ChessBase"]
[SourceDate "2021.10.06"]
[SourceVersion "1"]
[SourceVersionDate "2021.10.06"]
[SourceQuality "1"]
[WhiteTeam "Turku TS"]
[BlackTeam "Vantaa EtVaS"]
[WhiteTeamCountry "FIN"]
[BlackTeamCountry "FIN"]

1. e4 e5 2. Nf3 Nc6 3. Bb5 Bc5 4. 0-0 Nd4 5. Nxd4 Bxd4 6. c3 Bb6 7. d4 c6 8. Ba4 d6 9. Na3 Nf6 10. Bg5 h6 11. Bxf6 Qxf6 12. d5 Bd7 13. Nc4 Bc7 14. dxc6 bxc6 15. Qd3 0-0 16. Rad1 Rad8 17. Ne3 Qg5 18. Rfe1 g6 19. b4 f5 20. exf5 d5 21. b5 e4 22. Qd2 gxf5 23. bxc6 Be6 24. Bb3 f4 25. Nxd5 e3 26. fxe3 fxe3 27. Qxe3 Qxe3+ 28. Rxe3 Rxd5 29. Rxd5 Bb6 30. Rde5 Bxb3 31. axb3 Rf6 32. c7 Rc6 33. Re8+ 1-0

[Event "FIN-chT 0203"]
[Site "Finland"]
[Date "2003.01.11"]
[Round "6.5"]
[White "Nevanlinna, Risto"]
[Black "Tommiska, Matti"]
[Result "1-0"]
[WhiteElo "2351"]
[BlackElo "2240"]
[PlyCount "87"]
[EventDate "2002.10.21"]
[EventType "team-tourn"]
[EventRounds "9"]
[EventCountry "FIN"]
[SourceTitle "EXT 2004"]
[Source "ChessBase"]
[SourceDate "2003.11.25"]
[SourceVersion "1"]
[SourceVersionDate "2003.11.25"]
[SourceQuality "1"]
[WhiteTeam "Jyvaskyla JyS"]
[BlackTeam "Vantaa EtVaS"]
[WhiteTeamCountry "FIN"]
[BlackTeamCountry "FIN"]

1. e4 e5 2. Nf3 Nc6 3. Bc4 Nf6 4. d3 Bc5 5. c3 d6 6. Bb3 Be6 7. Bc2 d5 8. Nbd2 dxe4 9. dxe4 0-0 10. Qe2 a6 11. h3 b5 12. Bb3 Nh5 13. Nf1 Bxb3 14. axb3 f5 15. Ng5 Qe8 16. exf5 Rxf5 17. Ne4 Nf4 18. Bxf4 exf4 19. Nfd2 Qg6 20. 0-0 Ne5 21. Nf3 Nxf3+ 22. Qxf3 Qc6 23. Nxc5 Qxf3 24. gxf3 Rxc5 25. Ra5 Rd8 26. Rxa6 Rd3 27. h4 Rxf3 28. Rd1 Rh3 29. Rd7 h6 30. Rg6 Rxh4 31. Rgxg7+ Kf8 32. Rdf7+ Ke8 33. Rxc7 Rg5+ 34. Rxg5 hxg5 35. Rb7 f3 36. Rxb5 Rg4+ 37. Kf1 Rg2 38. b4 Kd7 39. Rf5 g4 40. Rg5 Ke6 41. b5 Kf6 42. Rg8 Kf7 43. b6 Rh2 44. Ke1 1-0

[Event "Helsinki op2"]
[Site "Helsinki"]
[Date "2003.??.??"]
[Round "4"]
[White "Salimaki, Janne"]
[Black "Tommiska, Matti"]
[Result "1-0"]
[WhiteElo "2201"]
[BlackElo "2236"]
[PlyCount "59"]
[EventDate "2003.??.??"]
[EventType "swiss"]
[EventRounds "5"]
[EventCountry "FIN"]
[SourceTitle "EXT 2005"]
[Source "ChessBase"]
[SourceDate "2004.11.15"]
[SourceVersion "1"]
[SourceVersionDate "2004.11.15"]
[SourceQuality "1"]

1. d4 Nf6 2. Bg5 e6 3. e4 h6 4. Bxf6 Qxf6 5. Nc3 b6 6. Qd2 Bb7 7. f4 Bb4 8. e5 Bxc3 9. bxc3 Qh4+ 10. g3 Qe7 11. Bg2 d5 12. Ne2 c5 13. 0-0 g6 14. c4 Nc6 15. cxd5 exd5 16. c3 0-0-0 17. f5 g5 18. Rab1 Kb8 19. Qe3 Ka8 20. Rfe1 f6 21. e6 Qd6 22. dxc5 bxc5 23. Rb5 Ne5 24. Reb1 Bc6 25. Rxc5 Rb8 26. Rd1 Rb2 27. Rcxd5 Qc7 28. Rd7 Qa5 29. Bxc6+ Nxc6 30. Qe4 1-0

[Event "FIN-chT 0203"]
[Site "Finland"]
[Date "2002.10.21"]
[Round "1.6"]
[White "Kiltti, Jyrki"]
[Black "Tommiska, Matti"]
[Result "1/2-1/2"]
[WhiteElo "2220"]
[BlackElo "2240"]
[PlyCount "31"]
[EventDate "2002.10.21"]
[EventType "team-tourn"]
[EventRounds "9"]
[EventCountry "FIN"]
[SourceTitle "EXT 2004"]
[Source "ChessBase"]
[SourceDate "2003.11.25"]
[SourceVersion "1"]
[SourceVersionDate "2003.11.25"]
[SourceQuality "1"]
[WhiteTeam "Tampere Taraus"]
[BlackTeam "Vantaa EtVaS"]
[WhiteTeamCountry "FIN"]
[BlackTeamCountry "FIN"]

1. e4 c6 2. d4 d5 3. exd5 cxd5 4. c4 Nc6 5. cxd5 Qxd5 6. Be3 e5 7. Nc3 Bb4 8. dxe5 Qxe5 9. Rc1 Be6 10. Nf3 Qd5 11. Qxd5 Bxd5 12. a3 Bxc3+ 13. Rxc3 Bxf3 14. gxf3 Nge7 15. Bc4 0-0 16. 0-0 1/2-1/2

[Event "FIN-chT 0001"]
[Site "Finland"]
[Date "2001.01.13"]
[Round "6.7"]
[White "Kanko, Ilkka"]
[Black "Tommiska, Matti"]
[Result "1-0"]
[WhiteElo "2240"]
[BlackElo "2230"]
[PlyCount "55"]
[EventDate "2000.11.07"]
[EventType "team-tourn"]
[EventRounds "9"]
[EventCountry "FIN"]
[SourceTitle "EXT 2022"]
[Source "ChessBase"]
[SourceDate "2021.10.06"]
[SourceVersion "1"]
[SourceVersionDate "2021.10.06"]
[SourceQuality "1"]
[WhiteTeam "Helsinki HSK"]
[BlackTeam "Vantaa EtVaS"]
[WhiteTeamCountry "FIN"]
[BlackTeamCountry "FIN"]

1. d4 d5 2. c4 e6 3. Nc3 c5 4. cxd5 cxd4 5. Qa4+ Bd7 6. Qxd4 exd5 7. Qxd5 Nc6 8. Nf3 Nf6 9. Qd1 Bc5 10. e3 Qe7 11. Be2 0-0-0 12. 0-0 g5 13. b4 Bxb4 14. Bb2 Rhg8 15. Rc1 g4 16. Nd4 Kb8 17. Ncb5 h5 18. Qa4 a6 19. Nxc6+ Bxc6 20. Rxc6 axb5 21. Qxb5 Nd5 22. Bd4 Nc7 23. Rxc7 Kxc7 24. Qb6+ Kb8 25. Qa7+ Kc7 26. Rc1+ Kd7 27. Qxb7+ Ke8 28. Rc7 1-0

[Event "FIN-chT 0001"]
[Site "Finland"]
[Date "2000.11.18"]
[Round "4.7"]
[White "Kiltti, Jyrki"]
[Black "Tommiska, Matti"]
[Result "1/2-1/2"]
[WhiteElo "2213"]
[BlackElo "2230"]
[PlyCount "28"]
[EventDate "2000.11.07"]
[EventType "team-tourn"]
[EventRounds "9"]
[EventCountry "FIN"]
[SourceTitle "EXT 2022"]
[Source "ChessBase"]
[SourceDate "2021.10.06"]
[SourceVersion "1"]
[SourceVersionDate "2021.10.06"]
[SourceQuality "1"]
[WhiteTeam "Tampere Taraus"]
[BlackTeam "Vantaa EtVaS"]
[WhiteTeamCountry "FIN"]
[BlackTeamCountry "FIN"]

1. e4 e5 2. Nf3 Nc6 3. Bc4 Nf6 4. d4 exd4 5. 0-0 Bc5 6. c3 Nxe4 7. cxd4 d5 8. dxc5 dxc4 9. Qe2 Qd3 10. Re1 f5 11. Nc3 0-0 12. Nxe4 fxe4 13. Qxe4 Bf5 14. Qxd3 cxd3 1/2-1/2